Makers of modern strategy: (Record no. 185540)
[ view plain ]
| 000 -LEADER | |
|---|---|
| fixed length control field | 01437 a2200193 4500 |
| 003 - CONTROL NUMBER IDENTIFIER | |
| control field | Nust |
| 005 - DATE AND TIME OF LATEST TRANSACTION | |
| control field | 20221229094054.0 |
| 010 ## - LIBRARY OF CONGRESS CONTROL NUMBER | |
| LC control number | a 43003602 |
| 040 ## - CATALOGING SOURCE | |
| Transcribing agency | Nust |
| 082 ## - DEWEY DECIMAL CLASSIFICATION NUMBER | |
| Classification number | 355.02,MAK |
| 100 ## - MAIN ENTRY--PERSONAL NAME | |
| Personal name | Earle, Edward Mead, |
| 9 (RLIN) | 37953 |
| 245 ## - TITLE STATEMENT | |
| Title | Makers of modern strategy: |
| Remainder of title | military thought from Machiavelli to Hitler / |
| Statement of responsibility, etc. | Edward Mead Earle, |
| 260 ## - PUBLICATION, DISTRIBUTION, ETC. | |
| Place of publication, distribution, etc. | Princeton university press, |
| Name of publisher, distributor, etc. | Princeton, |
| Date of publication, distribution, etc. | 1943 |
| 300 ## - PHYSICAL DESCRIPTION | |
| Extent | xi, 553 p |
| Other physical details | illus |
| Dimensions | maps) plan |
| Accompanying material | diagrs |
| Type of unit | 24 cm |
| 505 ## - FORMATTED CONTENTS NOTE | |
| Formatted contents note | Introduction on Strategy (Page-1), Athenian strategy in the Peloponnesian War (Page-24), The Strategy Of The warrior State (Page-56), Chinese strategy from the fourteenth to the seventeenth centuries (Page-85), The Making of strategy in Hbsburg Spain (Page-115) The Orgians of global Strategy (Page-151) A quest for Glossary (Page-178), To The Edge of Greatness (Page- 205), Strategic Uncertainties of a Nation (Page-242), The Weary Titan (Page-278), The Strategy of the Decisive Weight (Page-307), The road to Ideological War (Page-352), The Collapse of Empire (Page-393), The Strategy of Innocence (Page-428), The Illusion of Security (Page-466), Strategy for Class War (Page-498), The Evolution of Israeli Strategy (Page-534), Strategy in the Nuclear Age (Page-579), Conclusion (Page-614). |
| 600 ## - SUBJECT ADDED ENTRY--PERSONAL NAME | |
| Personal name | Earle, Edward Mead, |
| 9 (RLIN) | 37953 |
| 650 ## - SUBJECT ADDED ENTRY--TOPICAL TERM | |
| Topical term or geographic name entry element | Makers of modern strategy: military thought from Machiavelli to Hitler |
| 9 (RLIN) | 106309 |
| 942 ## - ADDED ENTRY ELEMENTS (KOHA) | |
| Source of classification or shelving scheme | |
| Koha item type | Book |
| Call number prefix | 355.02,MAK |
| Withdrawn status | Lost status | Source of classification or shelving scheme | Damaged status | Not for loan | Permanent Location | Current Location | Shelving location | Date acquired | Full call number | Barcode | Date last seen | Price effective from | Koha item type | Public note | Total Checkouts |
|---|---|---|---|---|---|---|---|---|---|---|---|---|---|---|---|
| Military College of Signals (MCS) | Military College of Signals (MCS) | General Stacks | 12/12/2016 | 355.02,MAK | MCS21364 | 12/08/2016 | 12/12/2016 | Book | Almirah No.52, Shelf No.1 | ||||||
| Military College of Signals (MCS) | Military College of Signals (MCS) | General Stacks | 12/29/2022 | 355.02,MAK | MCS21365 | 12/29/2022 | 12/29/2022 | Book | Almirah No.52, Shelf No.1 |
